Buenas prácticas docentes en contextos de exclusión social. (Record no. 183552)

MARC details
000 -CABECERA
campo de control de longitud fija 01409nab a2200265 a 4500
005 - FECHA Y HORA DE LA ÚLTIMA TRANSACCIÓN
campo de control 20250429130342.0
008 - ELEMENTOS DE LONGITUD FIJA--INFORMACIÓN GENERAL
campo de control de longitud fija 991125c2014 sp fr p o 000 0 spa d
035 ## - NÚMERO DE CONTROL DEL SISTEMA
Número de control de sistema UPN01000211451
040 ## - FUENTE DE LA CATALOGACIÓN
Centro catalogador/agencia de origen MX-MxUPN
Lengua de catalogación spa
Centro/agencia transcriptor MX-MxUPN
Normas de descripción aacr2
049 ## - COLECCIÓN
Colección ART-E
100 1# - ASIENTO PRINCIPAL--NOMBRE PERSONAL
Nombre de persona Corchuelo Fernández, Celia
100 1# - ASIENTO PRINCIPAL--NOMBRE PERSONAL
Filiación celia.corchuelo@dedu.uhu.es
245 10 - MENCIÓN DE TÍTULO
Título Buenas prácticas docentes en contextos de exclusión social.
506 0# - NOTA DE RESTRICCIONES AL ACCESO
Limitaciones de acceso Acceso abierto
520 3# - NOTA DE RESUMEN, ETC.
Sumario, etc. Al tratar el tema de las buenas prácticas docentes, nos referimos a una serie de acciones a planificar, llevar a cabo y evaluar por parte del profesorado con el objetivo de introducir mejoras en su propio desempeño. Tal proceso ha demostrado ser potenciador de las estrategias didácticas y educativas, pero es que, además, cuando es bien aprovechado, puede constituir en sí mismo una herramienta efectiva para luchar contra el fracaso escolar y la exclusión social en cualquier co ntexto.
650 #4 - ASIENTO SECUNDARIO DE MATERIA - TERMINO TEMATICO
Término de materia o nombre geográfico como elemento de entrada Enseñanza individualizada
9 (RLIN) 6835
650 #4 - ASIENTO SECUNDARIO DE MATERIA - TERMINO TEMATICO
Término de materia o nombre geográfico como elemento de entrada Fracaso escolar
9 (RLIN) 4966
653 0# - TERMINO DE INDIZACION - NO CONTROLADO
Término no controlado Buenas prácticas
653 0# - TERMINO DE INDIZACION - NO CONTROLADO
Término no controlado Exclusión social
773 ## - ENLACE AL DOCUMENTO FUENTE/ENTRADA DE REGISTRO ANFITRIÓN
Parte(s) relacionada(s) No. 24 (2014-15), p. 25-42
Título Cuestiones pedagógicas : revista de ciencias de la educación
Número Internacional Normalizado para Publicaciones Seriadas 0213-1269
856 4# - LOCALIZACIÓN Y ACCESO ELECTRÓNICOS
Identificador Uniforme del Recurso <a href="https://revistascientificas.us.es/index.php/Cuestiones-Pedagogicas/article/view/9705">https://revistascientificas.us.es/index.php/Cuestiones-Pedagogicas/article/view/9705</a>
902 ## - ELEMENTOS DE DATOS B LOCAL, LDB (RLIN)
Creó Gloria Jiménez/290425
905 ## - TIPO DE MATERIAL
Tipo de material Articulo
942 ## - ELEMENTOS DE PUNTO DE ACCESO ADICIONAL (KOHA)
Tipo de ítem Koha Artículo Electrónico
Holdings
Estado de retiro Estado de pérdida Estado dañado No para préstamo Código de colección Localización permanente Ubicación/localización actual Ubicación en estantería Fecha de adquisición Total de préstamos Fecha visto por última vez Identificador Uniforme del Recurso Precio válido a partir de Tipo de ítem Koha
        Acceso abierto Bib. Gregorio Torres Quintero Bib. Gregorio Torres Quintero En línea 29/04/2025   29/04/2025 https://revistascientificas.us.es/index.php/Cuestiones-Pedagogicas/article/view/9705 29/04/2025 Artículo Electrónico